00697nam a2200229Ia 4500008004100000020001800041050001800059050001400077100001400091245003000105245001400135260002000149260003300169260000900202300001500211300001600226300001100242500002000253650005000273999001900323952012500342160517s9999 xx 000 0 und d a1-903112-52-4 aComSc QA 76.7 b.E93 2003 aEvans, P. aBasic control with logo / cP. Evans. aGreat Britain : bPayne-Gallway Pub. Limited., c2003 a64 pages : bcol. ill. ; c30 cm. aIncludes index. aProgramming languages (Electronic computers). c294112d294112 001040aSMCbSMCcComScd2008-02-04g520.00l0oComSc QA 76.7 .E93 2003pSMC05087r2016-05-17 00:00:00w2016-05-17yBK